| 000 | 00708nam a22002057a 4500 | ||
|---|---|---|---|
| 003 | OSt | ||
| 005 | 20241028093005.0 | ||
| 008 | 241021b |||d|||| |||| 00| 0 eng d | ||
| 020 | _a9789585796386 | ||
| 037 | _bDonación | ||
| 040 |
_aCO-JMCR _bspa _cCO-JMCR _dCO-JMCR _erda |
||
| 041 | 0 | _aspa | |
| 082 | 0 | 4 |
_a303.483 _bG56i _223 |
| 100 | 1 |
_aGómez, Hernando José, _940223 |
|
| 245 | 1 | 0 |
_aInnovación y emprendimiento en Colombia : _bbalance, perspectivas y recomendaciones de política, 2014-2018 / _cHernando José Gómez, Daniel Mitchell. |
| 260 |
_a[Bogotá D.C.] : _bFedesarrollo, _c2014. |
||
| 300 |
_a82 páginas : _bgráficos ; _c23 cm. |
||
| 700 | 1 |
_aMitchell, Daniel, _943890 |
|
| 942 |
_2ddc _cBK |
||
| 999 |
_c30863 _d17247 |
||